| 000 | 01250nam a22003257a 4500 | ||
|---|---|---|---|
| 003 | CHAP | ||
| 005 | 20220329140042.0 | ||
| 008 | 971013s1980 r 10010 d | ||
| 010 | _a46267 | ||
| 011 | _a47239 | ||
| 035 | _a51381 | ||
| 040 | _cCHAP | ||
| 082 |
_a338.1 _bR4 1979 |
||
| 111 | 0 | 0 |
_aReunión Nacional de Delegados y Subdelegados de Economía Agrícola ( _n5 _d: 1979 _c: México, D. F.) _996460 |
| 245 | _aMemoria | ||
| 260 |
_aMéxico, D. F. : _bDirección General de Economía Agrícola, _c1980 |
||
| 300 | _a138 p. | ||
| 590 |
_aBATCH-UPD _b10 _c20130110 _lUCH01 _h1828 |
||
| 590 |
_aBATCH-UPD _b10 _c20130410 _lUCH01 _h1200 |
||
| 590 |
_aBATCH-UPD _b10 _c20130914 _lUCH01 _h2002 |
||
| 590 |
_aCONVERSION _b10 _c20130109 _lUCH01 _h1325 |
||
| 650 | 1 | 4 |
_aAgricultura _xAspectos economicos _xCongresos. _91234 |
| 650 | 1 | 4 |
_aAgricultura _xAspectos economicos _zMexico. _91312 |
| 901 | _aBK | ||
| 942 | _cLIBRO | ||
| 949 |
_a338.1 R4 1979 _bBC _cLIBRO _d33724000346755 _eLIBRO _h48907 _i51381 _si |
||
| 949 |
_a338.1 R4 1979 _bBC _cLIBRO _d33724000346763 _eLIBRO _fc.4 _h70179 _i51381 _si |
||
| 949 |
_a338.1 R4 1979 _bBC _cLIBRO _d33724000346771 _eLIBRO _fc.2 _h48908 _i51381 _si |
||
| 949 |
_a338.1 R4 1979 _bBC _cLIBRO _d33724000346813 _eLIBRO _fc.3 _h59082 _i51381 _si |
||
| 999 |
_c46267 _d46267 |
||